[Event "Sunway Formentera op 1st"]
[Site "Sant Ferran de ses Roques"]
[Date "2022.05.06"]
[Round "8"]
[White "Galvan Cipriani, Viviana"]
[Black "Bernard, Jacques"]
[Result "0-1"]
[WhiteElo "1937"]
[BlackElo "2122"]
[PlyCount "96"]
[EventDate "2022.04.29"]
[EventType "swiss"]
[EventRounds "10"]
[EventCountry "ESP"]
[SourceTitle "EXT 2023"]
[Source "ChessBase"]
[SourceDate "2022.10.05"]
[SourceVersion "1"]
[SourceVersionDate "2022.10.05"]
[SourceQuality "1"]

1. c4 Nf6 2. Nc3 d5 3. cxd5 Nxd5 4. g3 g6 5. Bg2 Nb6 6. d3 Bg7 7. Nf3 Nc6 8. Be3 e5 9. Qd2 Nd4 10. Rc1 Bg4 11. Bxd4 exd4 12. Nb5 0-0 13. Qf4 Bxf3 14. Bxf3 c6 15. Na3 Re8 16. 0-0 Qe7 17. Nc4 Rad8 18. Na5 Nd5 19. Qd2 Bf6 20. Rc4 h5 21. Nb3 h4 22. Re1 hxg3 23. hxg3 Kg7 24. Bxd5 Rxd5 25. e4 Rh5 26. f4 Reh8 27. Qg2 Qd7 28. e5 Rh1+ 29. Kf2 R1h2 30. exf6+ Kxf6 31. Rxd4 Rxg2+ 32. Kxg2 Qh3+ 33. Kf3 Qh5+ 34. Ke3 Qh2 35. Re2 Re8+ 36. Re4 Qxg3+ 37. Kd2 Rxe4 38. Rxe4 Qf2+ 39. Kc3 c5 40. Na5 b5 41. a3 Qg1 42. Nb3 Qd1 43. Re5 b4+ 44. axb4 cxb4+ 45. Kxb4 Qxd3 46. Rc5 Qd6 47. Kb5 Qxf4 48. Na5 Qb8+ 0-1

[Event "Sunway Formentera op 1st"]
[Site "Sant Ferran de ses Roques"]
[Date "2022.05.01"]
[Round "3"]
[White "Bernard, Jacques"]
[Black "Chiku Ratte, Olivier Kenta"]
[Result "1/2-1/2"]
[WhiteElo "2122"]
[BlackElo "2364"]
[PlyCount "148"]
[EventDate "2022.04.29"]
[EventType "swiss"]
[EventRounds "10"]
[EventCountry "ESP"]
[SourceTitle "CBM 208 Extra"]
[Source "ChessBase"]
[SourceDate "2022.07.31"]
[SourceVersion "1"]
[SourceVersionDate "2022.07.31"]
[SourceQuality "1"]

1. e4 c5 2. Nf3 e6 3. d4 cxd4 4. Nxd4 Nc6 5. Nb5 d6 6. c4 Nf6 7. N1c3 a6 8. Na3 Be7 9. Be2 0-0 10. 0-0 b6 11. Be3 Bb7 12. f4 Na5 13. b4 Nc6 14. Nc2 Rc8 15. a3 Nb8 16. Qd3 b5 17. cxb5 Qc7 18. Bd4 e5 19. b6 Qd8 20. Be3 Nbd7 21. Rad1 Nxb6 22. fxe5 dxe5 23. Qxd8 Bxd8 24. Bc5 Re8 25. Ne3 Be7 26. Bxb6 Rxc3 27. Nf5 Bf8 28. Nh6+ gxh6 29. Rxf6 Bxe4 30. Bxa6 Rxa3 31. Bc4 Bg6 32. Rd7 Ra1+ 33. Kf2 Kg7 34. Rf3 Re7 35. Rd8 Rb7 36. Bc5 Bxc5+ 37. bxc5 Rc7 38. Bd5 Rd1 39. Rc3 Kf6 40. Rd6+ Ke7 41. Bxf7 Rxc5 42. Rxd1 Rxc3 43. Bd5 Kf6 44. Rd2 e4 45. Rb2 Ke5 46. Bb7 Bf7 47. Re2 Rc4 48. Rd2 Be6 49. Rb2 Rc3 50. Re2 Bf5 51. Rb2 h5 52. Rb5+ Kf6 53. Rb6+ Kg5 54. Rb5 Kg6 55. Rb6+ Kg7 56. Rb4 e3+ 57. Ke2 Be6 58. Bf3 Bc4+ 59. Rxc4 Rxc4 60. Kxe3 h4 61. h3 Kf6 62. Kf2 Ke5 63. Kg1 Rc3 64. Kh2 Kf4 65. Bb7 Rb3 66. Bc6 Rb6 67. Bf3 Ke3 68. Bd5 Rd6 69. Bf3 Kf2 70. Be4 h6 71. Bf3 Kf1 72. Be4 Re6 73. Bf3 Kf2 74. Bd5 Rf6 1/2-1/2

[Event "FRA-chT Top 12"]
[Site "Drancy"]
[Date "2016.05.28"]
[Round "1.4"]
[White "Delorme, Axel"]
[Black "Bernard, Jacques"]
[Result "1-0"]
[WhiteElo "2502"]
[BlackElo "2164"]
[PlyCount "55"]
[EventDate "2016.05.28"]
[EventType "team-tourn"]
[EventRounds "11"]
[EventCountry "FRA"]
[SourceTitle "CBM 172 Extra"]
[Source "ChessBase"]
[SourceDate "2016.06.21"]
[SourceVersion "1"]
[SourceVersionDate "2016.06.21"]
[SourceQuality "1"]
[WhiteTeam "Clichy Echecs 92"]
[BlackTeam "Evry Grand Roque"]
[WhiteTeamCountry "FRA"]
[BlackTeamCountry "FRA"]

1. d4 f5 2. Nf3 Nf6 3. Bg5 e6 4. Nbd2 d5 5. e3 Be7 6. c4 c6 7. h3 Ne4 8. Bxe7 Qxe7 9. Bd3 0-0 10. Qe2 a5 11. g4 Nxd2 12. Qxd2 dxc4 13. Bxc4 b5 14. Be2 c5 15. gxf5 Bb7 16. Rg1 Rxf5 17. Ne5 Nd7 18. Nxd7 Qxd7 19. Bd3 Rf7 20. dxc5 Qc7 21. Qc2 Qh2 22. 0-0-0 Qxf2 23. Bxh7+ Kh8 24. Qxf2 Rxf2 25. Rd7 Bg2 26. Rd2 Rxd2 27. Kxd2 Bxh3 28. Bd3 1-0

[Event "Nantes op 14th"]
[Site "Nantes"]
[Date "2015.12.28"]
[Round "3"]
[White "Bernard, Jacques"]
[Black "Durand Le Ludec, Brendan Bubok"]
[Result "0-1"]
[WhiteElo "2205"]
[BlackElo "2090"]
[PlyCount "27"]
[EventDate "2015.12.27"]
[EventType "swiss"]
[EventRounds "7"]
[EventCountry "FRA"]
[SourceTitle "CBM 170 Extra"]
[Source "ChessBase"]
[SourceDate "2016.02.25"]
[SourceVersion "1"]
[SourceVersionDate "2016.02.25"]
[SourceQuality "1"]

1. e4 c5 2. Nf3 e6 3. Nc3 a6 4. d4 cxd4 5. Nxd4 Qc7 6. g3 Bb4 7. Bd2 Nc6 8. Nxc6 bxc6 9. Bg2 e5 10. 0-0 Bc5 11. Na4 Bd4 12. c3 Ba7 13. c4 Bd4 14. c5 0-1

[Event "SRB Central-ch op-A 7th"]
[Site "Paracin"]
[Date "2014.07.08"]
[Round "6"]
[White "Bernard, Jacques"]
[Black "Drogovoz, Irina"]
[Result "0-1"]
[WhiteElo "2198"]
[BlackElo "2073"]
[PlyCount "44"]
[EventDate "2014.07.04"]
[EventType "swiss"]
[EventRounds "9"]
[EventCountry "SRB"]
[SourceTitle "CBM 161 Extra"]
[Source "ChessBase"]
[SourceDate "2014.08.29"]
[SourceVersion "1"]
[SourceVersionDate "2014.08.29"]
[SourceQuality "1"]

1. e4 c5 2. Nf3 d6 3. d4 cxd4 4. Nxd4 Nf6 5. Nc3 a6 6. Bg5 Nbd7 7. f4 Qc7 8. Be2 h6 9. Bh4 g6 10. Qd2 b5 11. Bd3 Bb7 12. 0-0 Bg7 13. Bf2 0-0 14. a4 e5 15. Ndxb5 axb5 16. Nxb5 Qc6 17. Nxd6 Rfd8 18. Rfd1 Qc7 19. b4 Nb6 20. fxe5 Ne8 21. a5 Nc4 22. Nxe8 Rxe8 0-1

[Event "SRB Central-ch op-A 7th"]
[Site "Paracin"]
[Date "2014.07.07"]
[Round "4"]
[White "Bernard, Jacques"]
[Black "Pikula, Dejan"]
[Result "0-1"]
[WhiteElo "2198"]
[BlackElo "2491"]
[PlyCount "88"]
[EventDate "2014.07.04"]
[EventType "swiss"]
[EventRounds "9"]
[EventCountry "SRB"]
[SourceTitle "CBM 161 Extra"]
[Source "ChessBase"]
[SourceDate "2014.08.29"]
[SourceVersion "1"]
[SourceVersionDate "2014.08.29"]
[SourceQuality "1"]

1. e4 c6 2. d4 d5 3. e5 Bf5 4. Nd2 e6 5. Nb3 Nd7 6. Be3 Ne7 7. Be2 Bg6 8. f4 Nf5 9. Bf2 h5 10. Nf3 a6 11. 0-0 Rc8 12. c3 c5 13. a4 Be7 14. g3 cxd4 15. Nfxd4 Nxd4 16. Bxd4 Nc5 17. Nxc5 Bxc5 18. Bxc5 Rxc5 19. Qd4 Qc7 20. Ra3 0-0 21. Rc1 Rc8 22. Rb3 a5 23. Rb5 b6 24. Rd1 Rxb5 25. Bxb5 Bf5 26. Rd2 Qc5 27. Kf2 f6 28. Qxc5 bxc5 29. Ke3 Kf7 30. Be2 Kg6 31. h4 Rb8 32. Bb5 Be4 33. exf6 gxf6 34. Be2 Bf5 35. Bb5 Rd8 36. b4 axb4 37. cxb4 d4+ 38. Ke2 cxb4 39. a5 Rd5 40. Be8+ Kh6 41. a6 d3+ 42. Ke3 Ra5 43. Rb2 Rxa6 44. Rxb4 Ra2 0-1

[Event "Plancoet op-A 10th"]
[Site "Plancoet"]
[Date "2013.07.28"]
[Round "1"]
[White "Bernard, Jacques"]
[Black "Milchev, Nikolay"]
[Result "0-1"]
[WhiteElo "2211"]
[BlackElo "2433"]
[PlyCount "42"]
[EventDate "2013.07.28"]
[EventType "swiss"]
[EventRounds "9"]
[EventCountry "FRA"]
[SourceTitle "EXT 2017"]
[Source "ChessBase"]
[SourceDate "2016.10.25"]
[SourceVersion "1"]
[SourceVersionDate "2016.10.25"]
[SourceQuality "1"]

1. e4 d5 2. exd5 Qxd5 3. Nc3 Qd6 4. d4 Nf6 5. Nf3 g6 6. g3 Bg7 7. Bf4 Qb6 8. Qd2 0-0 9. 0-0-0 Na6 10. Bg2 c6 11. Rhe1 Re8 12. a3 Nd5 13. Nxd5 cxd5 14. Ne5 Be6 15. Re3 Rac8 16. Rc3 Rxc3 17. Qxc3 Rc8 18. Qe3 f6 19. Nd3 g5 20. Nc5 Nxc5 21. dxc5 gxf4 0-1

[Event "Trieste op 14th"]
[Site "Trieste"]
[Date "2012.09.06"]
[Round "7"]
[White "Bernard, Jacques"]
[Black "Laco, Giuseppe"]
[Result "0-1"]
[WhiteElo "2224"]
[BlackElo "2085"]
[PlyCount "94"]
[EventDate "2012.09.01"]
[EventType "swiss"]
[EventRounds "9"]
[EventCountry "ITA"]
[SourceTitle "CBM 150 Extra"]
[Source "ChessBase"]
[SourceDate "2012.10.19"]
[SourceVersion "1"]
[SourceVersionDate "2012.10.19"]
[SourceQuality "1"]

1. e4 c5 2. Nf3 Nc6 3. d4 cxd4 4. Nxd4 Nf6 5. Nc3 e6 6. Ndb5 Bb4 7. a3 Bxc3+ 8. Nxc3 a6 9. Bf4 Qa5 10. Bd3 d5 11. 0-0 d4 12. b4 Qd8 13. b5 axb5 14. Nxb5 e5 15. Bg5 h6 16. Bxf6 gxf6 17. Qh5 Be6 18. f4 Qe7 19. f5 Bc8 20. Bc4 Nd8 21. a4 Qc5 22. Kh1 Ke7 23. Bd5 Bd7 24. Qe2 Rc8 25. Rfc1 h5 26. c4 Nc6 27. Qd2 Rh7 28. a5 Ra8 29. Rcb1 h4 30. Nc7 Rxa5 31. Rxa5 Nxa5 32. Nb5 b6 33. Qd3 Rh8 34. g3 hxg3 35. Qxg3 Nxc4 36. Bxf7 Rf8 37. Bxc4 Qxc4 38. Qa3+ Qc5 39. Qd3 Bxb5 40. Qxb5 Qxb5 41. Rxb5 Rb8 42. Kg2 Kd6 43. Kf3 Kc6 44. Rb2 b5 45. h4 b4 46. Ke2 Kb5 47. Kd3 Ra8 0-1

[Event "Trieste op 14th"]
[Site "Trieste"]
[Date "2012.09.02"]
[Round "3"]
[White "Bernard, Jacques"]
[Black "Plenca, Jadranko"]
[Result "1-0"]
[WhiteElo "2224"]
[BlackElo "2049"]
[PlyCount "57"]
[EventDate "2012.09.01"]
[EventType "swiss"]
[EventRounds "9"]
[EventCountry "ITA"]
[SourceTitle "CBM 150 Extra"]
[Source "ChessBase"]
[SourceDate "2012.10.19"]
[SourceVersion "1"]
[SourceVersionDate "2012.10.19"]
[SourceQuality "1"]

1. e4 e5 2. Nf3 Nc6 3. Bb5 a6 4. Ba4 Nge7 5. c3 g6 6. d4 exd4 7. cxd4 b5 8. Bc2 d5 9. Bg5 Bg7 10. 0-0 f6 11. exd5 Nxd5 12. Re1+ Nce7 13. Bh4 0-0 14. Nc3 Nxc3 15. bxc3 Bb7 16. Nd2 Nd5 17. Ne4 Nb6 18. Nc5 Bd5 19. Ne6 Bxe6 20. Rxe6 Kh8 21. Qf3 b4 22. Rae1 a5 23. Qc6 bxc3 24. Qxc3 Nd5 25. Qc5 Nb4 26. Be4 Rb8 27. a3 Qc8 28. d5 Na6 29. Qxa5 1-0

[Event "Trieste op 14th"]
[Site "Trieste"]
[Date "2012.09.02"]
[Round "2"]
[White "Erwich, Frans"]
[Black "Bernard, Jacques"]
[Result "0-1"]
[WhiteElo "2005"]
[BlackElo "2224"]
[PlyCount "78"]
[EventDate "2012.09.01"]
[EventType "swiss"]
[EventRounds "9"]
[EventCountry "ITA"]
[SourceTitle "CBM 150 Extra"]
[Source "ChessBase"]
[SourceDate "2012.10.19"]
[SourceVersion "1"]
[SourceVersionDate "2012.10.19"]
[SourceQuality "1"]

1. e4 c5 2. Nf3 Nc6 3. Nc3 g6 4. d4 cxd4 5. Nxd4 Bg7 6. Be3 Nf6 7. Be2 0-0 8. Nb3 a6 9. f4 d6 10. g4 b5 11. g5 Nd7 12. a3 Bb7 13. 0-0 Na5 14. Nxa5 Qxa5 15. e5 b4 16. axb4 Qxb4 17. Ra4 Qxb2 18. Qd2 Rac8 19. Bd4 dxe5 20. fxe5 Bxe5 21. Rb1 Bxd4+ 22. Rxd4 Qxc3 23. Rxb7 Qa1+ 24. Qd1 Qxd1+ 25. Bxd1 Nc5 26. Rxe7 Ne6 27. Rg4 Rfd8 28. Bf3 Rxc2 29. h4 Rd3 30. Bg2 Rdd2 31. Ra7 Ra2 32. Kh1 Ra1+ 33. Kh2 Nd4 34. Rg3 Nf5 35. Rg4 Raa2 36. Kh3 Ne3 37. Re4 Nxg2 38. Re8+ Kg7 39. Raa8 Rd3+ 0-1

[Event "Split op 1st"]
[Site "Split"]
[Date "2011.08.12"]
[Round "8"]
[White "Bernard, Jacques"]
[Black "Sale, Srdjan"]
[Result "0-1"]
[WhiteElo "2208"]
[BlackElo "2383"]
[PlyCount "94"]
[EventDate "2011.08.05"]
[EventType "swiss"]
[EventRounds "9"]
[EventCountry "CRO"]
[SourceTitle "CBM 143 Extra"]
[Source "ChessBase"]
[SourceDate "2011.08.29"]
[SourceVersion "1"]
[SourceVersionDate "2011.08.29"]
[SourceQuality "1"]

1. e4 g6 2. d4 Bg7 3. Nc3 d6 4. Be3 a6 5. f4 b5 6. Bd3 Nd7 7. e5 Bb7 8. Be4 Qc8 9. Qf3 Rb8 10. Nge2 b4 11. Bxb7 Qxb7 12. Ne4 Nh6 13. 0-0 Nb6 14. N2g3 Nf5 15. Rae1 Qd5 16. c4 bxc3 17. Nxf5 gxf5 18. Nxc3 Qxf3 19. Rxf3 Kd7 20. b3 e6 21. Bc1 Bf8 22. Rd3 d5 23. Nb1 c5 24. Ba3 c4 25. Rc3 Bh6 26. g3 cxb3 27. axb3 Rhc8 28. Rec1 Rxc3 29. Nxc3 Bf8 30. Bxf8 Rxf8 31. Ra1 Ra8 32. Kg2 Kc6 33. Kf3 Kb7 34. Ke3 Nd7 35. Na4 Rc8 36. Kd2 h5 37. Rc1 Rh8 38. Ke3 h4 39. Kf3 Nb8 40. Nc5+ Kb6 41. Na4+ Kb5 42. g4 fxg4+ 43. Kxg4 Rh7 44. Rc3 a5 45. Rc7 f5+ 46. exf6 Rxc7 47. Kg5 Nc6 0-1

[Event "Split op 1st"]
[Site "Split"]
[Date "2011.08.09"]
[Round "5"]
[White "Saric, Kristina"]
[Black "Bernard, Jacques"]
[Result "1/2-1/2"]
[WhiteElo "2246"]
[BlackElo "2208"]
[PlyCount "74"]
[EventDate "2011.08.05"]
[EventType "swiss"]
[EventRounds "9"]
[EventCountry "CRO"]
[SourceTitle "CBM 143 Extra"]
[Source "ChessBase"]
[SourceDate "2011.08.29"]
[SourceVersion "1"]
[SourceVersionDate "2011.08.29"]
[SourceQuality "1"]

1. e4 c5 2. Nf3 e6 3. c4 Nc6 4. d4 cxd4 5. Nxd4 Bb4+ 6. Nc3 Nf6 7. Nc2 Bxc3+ 8. bxc3 Nxe4 9. Qg4 f5 10. Qxg7 Qf6 11. Qxf6 Nxf6 12. Ba3 b6 13. c5 Rg8 14. f3 Nd5 15. c4 Nc3 16. Kf2 Kf7 17. Nb4 Bb7 18. Nxc6 Bxc6 19. Bb4 Na4 20. cxb6 axb6 21. Be2 Nc5 22. Rhd1 Ra4 23. a3 Rga8 24. Rab1 R4a7 25. Rd4 Rg8 26. Rh4 Kg6 27. g4 Rg7 28. Bc3 Rf7 29. gxf5+ Rxf5 30. Rg1+ Rg5 31. Rxg5+ Kxg5 32. Rxh7 Rxa3 33. Bd2+ Kg6 34. Rh6+ Kg7 35. Rh4 Nd3+ 36. Bxd3 Rxd3 37. Be3 b5 1/2-1/2

[Event "Split op 1st"]
[Site "Split"]
[Date "2011.08.07"]
[Round "3"]
[White "Smirnov, Artem"]
[Black "Bernard, Jacques"]
[Result "0-1"]
[WhiteElo "2440"]
[BlackElo "2208"]
[PlyCount "86"]
[EventDate "2011.08.05"]
[EventType "swiss"]
[EventRounds "9"]
[EventCountry "CRO"]
[SourceTitle "CBM 143 Extra"]
[Source "ChessBase"]
[SourceDate "2011.08.29"]
[SourceVersion "1"]
[SourceVersionDate "2011.08.29"]
[SourceQuality "1"]

1. e4 c5 2. Nc3 Nc6 3. Bb5 Nd4 4. Bc4 e6 5. Nge2 Ne7 6. Nxd4 cxd4 7. Ne2 Nc6 8. 0-0 Be7 9. d3 0-0 10. a3 a5 11. Ng3 d5 12. Ba2 dxe4 13. Nxe4 Ne5 14. Qh5 Ng6 15. f4 Qc7 16. Bc4 a4 17. Bd2 b5 18. Bxb5 Qxc2 19. Bc4 Ba6 20. Rac1 Qxb2 21. Rb1 Qxa3 22. Bc1 Qxd3 23. Bxd3 Bxd3 24. f5 Bxe4 25. fxg6 hxg6 26. Qb5 Bxb1 27. Qxb1 Rfd8 28. Qb7 Bf6 29. g4 d3 30. g5 Bd4+ 31. Kh1 Ra7 32. Qf3 Bc3 33. Be3 Rad7 34. Qc6 Bd4 35. Bd2 a3 36. Qa4 Ra7 37. Qc4 a2 38. Qxd3 a1Q 39. Rxa1 Rxa1+ 40. Kg2 Ra2 41. Kf3 Bf6 42. Qb5 Raxd2 43. gxf6 gxf6 0-1

[Event "Lienz op 16th"]
[Site "Lienz"]
[Date "2011.02.17"]
[Round "7"]
[White "Bernard, Jacques"]
[Black "Zozulia, Anna"]
[Result "0-1"]
[WhiteElo "2225"]
[BlackElo "2347"]
[PlyCount "61"]
[EventDate "2011.02.12"]
[EventType "swiss"]
[EventRounds "9"]
[EventCountry "AUT"]
[SourceTitle "CBM 140 Extra"]
[Source "ChessBase"]
[SourceDate "2011.03.01"]
[SourceVersion "1"]
[SourceVersionDate "2011.03.01"]
[SourceQuality "1"]

1. e4 c5 2. Nf3 e6 3. d4 cxd4 4. Nxd4 a6 5. Bd3 Qc7 6. 0-0 Nf6 7. c4 Bc5 8. Nb3 Ba7 9. Qe2 d6 10. Be3 Bxe3 11. Qxe3 Nbd7 12. N1d2 b6 13. Rac1 Bb7 14. Nd4 0-0 15. Kh1 Rfe8 16. b4 Rac8 17. N2b3 Qb8 18. Rfe1 Ne5 19. Qg3 Nh5 20. Qe3 d5 21. Be2 Nxc4 22. Bxc4 dxc4 23. Nd2 b5 24. e5 f5 25. a4 Ba8 26. axb5 axb5 27. N2f3 Rcd8 28. Ra1 f4 29. Qc3 Qb6 30. Ra5 Bxf3 31. Nxf3 0-1

[Event "Montpellier op 4th"]
[Site "Montpellier"]
[Date "2009.??.??"]
[Round "6"]
[White "Bernard, Jacques"]
[Black "Carre, Sylvain"]
[Result "1-0"]
[WhiteElo "2224"]
[BlackElo "2069"]
[PlyCount "121"]
[EventDate "2009.12.26"]
[EventType "swiss"]
[EventRounds "9"]
[EventCountry "FRA"]
[SourceTitle "CBM 134 Extra"]
[Source "ChessBase"]
[SourceDate "2010.03.03"]
[SourceVersion "1"]
[SourceVersionDate "2010.03.03"]
[SourceQuality "1"]

1. e4 e5 2. Nf3 Nf6 3. d4 Nxe4 4. dxe5 d5 5. Nbd2 Be7 6. Bd3 Nc5 7. Be2 0-0 8. 0-0 Nc6 9. Nb3 Nxb3 10. axb3 Bf5 11. c3 f6 12. exf6 Bxf6 13. Be3 a6 14. Ra4 Ne5 15. Bd4 Nxf3+ 16. Bxf3 c6 17. Re1 Bxd4 18. Rxd4 Re8 19. h3 Rxe1+ 20. Qxe1 Qe8 21. Qd2 Qe5 22. c4 dxc4 23. bxc4 Re8 24. Rd8 Qe7 25. Rxe8+ Qxe8 26. b4 Qf8 27. Kh2 Qb8+ 28. g3 Qf8 29. Bg2 Be6 30. c5 Kh8 31. Qd4 Bd5 32. Bxd5 cxd5 33. Kg2 Qd8 34. f4 h6 35. Kf3 Qd7 36. g4 Qb5 37. f5 Qf1+ 38. Kg3 Qe1+ 39. Kf4 Qf1+ 40. Ke5 Qxh3 41. Kxd5 Qb3+ 42. Kd6 Qf3 43. Ke6 Qc6+ 44. Kf7 Qc7+ 45. Kg6 Qc6+ 46. Kf7 Qc7+ 47. Ke8 a5 48. bxa5 Qxa5 49. Qd8 Qa2 50. Kd7+ Kh7 51. Qe7 Qa4+ 52. Kc7 Qc6+ 53. Kb8 Kh8 54. Qd8+ Kh7 55. Qc7 Qf3 56. Qxb7 Qf4+ 57. Qc7 Qb4+ 58. Qb6 Qf4+ 59. Kb7 Qxg4 60. Qg6+ Qxg6 61. fxg6+ 1-0

[Event "Montpellier op 4th"]
[Site "Montpellier"]
[Date "2009.??.??"]
[Round "1"]
[White "Testard, Michel"]
[Black "Bernard, Jacques"]
[Result "0-1"]
[WhiteElo "1690"]
[BlackElo "2224"]
[PlyCount "68"]
[EventDate "2009.12.26"]
[EventType "swiss"]
[EventRounds "9"]
[EventCountry "FRA"]
[SourceTitle "CBM 134 Extra"]
[Source "ChessBase"]
[SourceDate "2010.03.03"]
[SourceVersion "1"]
[SourceVersionDate "2010.03.03"]
[SourceQuality "1"]

1. d4 f5 2. c4 Nf6 3. Nc3 d6 4. Bg5 Nbd7 5. Qc2 g6 6. e3 Bg7 7. h3 0-0 8. Rd1 c6 9. Nf3 Ne4 10. Bd3 Ndf6 11. Bf4 Qa5 12. 0-0 Nxc3 13. bxc3 Nh5 14. Bh2 e5 15. dxe5 dxe5 16. e4 f4 17. Be2 Nf6 18. Bd3 Qc5 19. Qb3 a5 20. a4 h6 21. Nh4 Kh7 22. Kh1 g5 23. Nf3 Rf7 24. g4 fxg3 25. Bxg3 Nh5 26. Qc2 Rxf3 27. Be2 Rxg3 28. Bxh5 Rxh3+ 29. Kg2 Rxh5 30. Qe2 Rh4 31. Rh1 Rxh1 32. Rxh1 Be6 33. Qd2 Rf8 34. Qxg5 Qxf2# 0-1

[Event "Montpellier op 4th"]
[Site "Montpellier"]
[Date "2009.??.??"]
[Round "9"]
[White "Youssoupov, Moisse"]
[Black "Bernard, Jacques"]
[Result "0-1"]
[WhiteElo "1958"]
[BlackElo "2224"]
[PlyCount "68"]
[EventDate "2009.12.26"]
[EventType "swiss"]
[EventRounds "9"]
[EventCountry "FRA"]
[SourceTitle "CBM 134 Extra"]
[Source "ChessBase"]
[SourceDate "2010.03.03"]
[SourceVersion "1"]
[SourceVersionDate "2010.03.03"]
[SourceQuality "1"]

1. d4 f5 2. h3 d5 3. Bf4 Nf6 4. Nf3 e6 5. e3 Be7 6. g4 Ne4 7. Nbd2 Nd7 8. gxf5 exf5 9. Rg1 0-0 10. Nxe4 fxe4 11. Ng5 Nf6 12. h4 Bf5 13. h5 h6 14. Nh3 Kh7 15. Be5 Rf7 16. Nf4 c6 17. Be2 Nd7 18. Ng6 Nxe5 19. Nxe5 Rf6 20. Bg4 Qb6 21. Rb1 Qa5+ 22. c3 Qxa2 23. Kd2 Raf8 24. f4 exf3 25. Bxf5+ Rxf5 26. Qc2 Qa6 27. Nxf3 Kh8 28. Rbf1 Rxf3 29. Rxf3 Rxf3 30. Rg2 Bg5 31. Qg6 Bxe3+ 32. Kd1 Rf1+ 33. Kc2 Rc1+ 34. Kb3 Qc4+ 0-1

[Event "Hastings Masters op 84th"]
[Site "Hastings"]
[Date "2008.12.28"]
[Round "1"]
[White "Bernard, Jacques"]
[Black "Bernal Moro, Luis Javier"]
[Result "0-1"]
[WhiteElo "2257"]
[BlackElo "2451"]
[PlyCount "78"]
[EventDate "2008.12.28"]
[EventType "swiss"]
[EventRounds "9"]
[EventCountry "ENG"]
[SourceTitle "CBM 128 Extra"]
[Source "ChessBase"]
[SourceDate "2009.03.05"]
[SourceVersion "2"]
[SourceVersionDate "2009.03.25"]
[SourceQuality "1"]

1. e4 c5 2. Nf3 e6 3. d4 cxd4 4. Nxd4 Nc6 5. Nc3 Qc7 6. Ndb5 Qb8 7. Be3 a6 8. Bb6 axb5 9. Nxb5 Bb4+ 10. c3 Ba5 11. Nc7+ Qxc7 12. Bxc7 Bxc7 13. Qg4 Be5 14. f4 Nf6 15. Qf3 Bc7 16. Bd3 e5 17. f5 0-0 18. 0-0 Ne7 19. g4 d5 20. g5 Nxe4 21. f6 Ng6 22. Bxe4 dxe4 23. Qxe4 Nf4 24. h4 Ra6 25. fxg7 Kxg7 26. a4 h6 27. Rf3 hxg5 28. hxg5 Rg6 29. Rg3 Rh8 30. a5 Nh3+ 31. Kf1 Nxg5 32. Qd5 Bb8 33. Ra4 Be6 34. Qxb7 e4 35. Rg1 Rh2 36. Rxg5 Rxg5 37. Qb6 Bh3+ 38. Ke1 Rgg2 39. Qd4+ f6 0-1